Sports Quiz

Random Sports or NBA Quiz
Score 0/13 Timer 02:00
1 Play Today
% Correct
Michael Jordan
98.1%
Larry Bird
97.1%
'Magic' Johnson
95.2%
Charles Barkley
94.4%
Scottie Pippen
92.8%
Patrick Ewing
89.6%
John Stockton
86.9%
David Robinson
82.1%
Karl Malone
82%
Clyde Drexler
71.2%
Chris Mullin
70.8%
Christian Laettner
59.7%
Chuck Daly
44.4%
Remove Ads.
Support Sporcle.
Get the best of Sporcle when you Go Orange. This ad-free experience offers more features, more stats, and more fun while also helping to support Sporcle. Thank you for becoming a member.

You're not logged in!

Compare scores with friends on all Sporcle quizzes.
OR
Log In

Sporcle TV

Today on Sporcle TV


Watch our educational content, quiz creation guides, and fun videos on Sporcle TV.

Show Comments

Extras

Top Quizzes Today


Score Distribution

Paid Content

Your Account Isn't Verified!

In order to create a playlist on Sporcle, you need to verify the email address you used during registration. Go to your Sporcle Settings to finish the process.

Report this User

Report this user for behavior that violates our Community Guidelines.

Details: